Na koštěti do nebe
| Hlavní autor: | Kelarová, Ida, 1956- |
|---|---|
| Korporativní autor: | Kale (hudební skupina) |
| Další autoři: | Bílá, Věra, 1954-2019, Koubková, Jana, 1944-, Lapčíková, Zuzana, 1968-, Průchová, Vlasta, 1926-2006, Špinarová, Věra, 1951-2017, Bittová, Iva, 1958- |
| Jazyk: | Romština Čeština Angličtina |
| Vydáno: |
Praha : Lotos, p1996 |
| Témata: | |
| Fyzický popis: |
1 CD : DDD ; 12 cm + složený list. |
| LEADER | 02220njm a2200601 a 4500 | ||
|---|---|---|---|
| 001 | 000266821 | ||
| 003 | CZ BrMZK | ||
| 005 | 20060619101356.0 | ||
| 008 | 980105s1996 xr f rom d | ||
| 028 | 0 | 3 | |a LT 0033-2 531 |b Lotos |
| 040 | |a BOA001 |b cze | ||
| 041 | 1 | |a rom |a cze |a eng | |
| 080 | |a 784.4(=914.9)(086.7) |2 MRF | ||
| 080 | |a 784.4(086.7) |2 MRF | ||
| 100 | 1 | |a Kelarová, Ida, |d 1956- |7 xx0010206 |4 prf | |
| 245 | 1 | 0 | |a Na koštěti do nebe |h [zvukový záznam] / |c Ida Kelarová a hosté. |
| 246 | 3 | 3 | |a Ach, laštovičko |
| 246 | 3 | 3 | |a I'm counfessin |
| 246 | 3 | 3 | |a It miglut as well be spring |
| 246 | 3 | 3 | |a Jednouho dne se vrátíš |
| 246 | 3 | 3 | |a Joj mamo |
| 246 | 3 | 3 | |a Joj, mamo, dado |
| 246 | 3 | 3 | |a Kvítí milodějné |
| 246 | 3 | 3 | |a Lakhere bala |
| 246 | 3 | 3 | |a Miro rom hin ternoro |
| 246 | 3 | 3 | |a O poštaris |
| 246 | 3 | 3 | |a Prší déšť |
| 246 | 3 | 3 | |a Prší prší len sa leje |
| 246 | 3 | 3 | |a Slunéčko sa níží |
| 246 | 3 | 3 | |a Summertime |
| 246 | 3 | 3 | |a V širém poli studánečka |
| 246 | 3 | 3 | |a Čína |
| 260 | |a Praha : |b Lotos, |c p1996 | ||
| 300 | |a 1 CD : |b DDD ; |c 12 cm + |e složený list. | ||
| 306 | |a 010158 | ||
| 500 | |a Durata 61:58 | ||
| 500 | |a Text v doprovod. mater. vícejaz. - Seznam členů doprovod. skupiny v doprovod. mater. | ||
| 500 | |a Nahr. 1996 | ||
| 505 | 2 | |a O poštaris, Joj mamo, Kvítí milodějné ... [et al.] | |
| 511 | 0 | |a Zuzana Lapčíková, zpěv; Věra Bílá, zpěv; Vlasta Průchová, zpěv ... [et al.] | |
| 653 | 0 | |a jazzové písně |a lidové písně |a populární písně |a romské písně | |
| 700 | 1 | |a Bílá, Věra, |d 1954-2019 |7 jn20000400343 |4 prf | |
| 700 | 1 | |a Koubková, Jana, |d 1944- |7 jn19990209397 |4 prf | |
| 700 | 1 | |a Lapčíková, Zuzana, |d 1968- |7 jn20010601045 |4 prf | |
| 700 | 1 | |a Průchová, Vlasta, |d 1926-2006 |7 jn99240000911 |4 prf | |
| 700 | 1 | |a Špinarová, Věra, |d 1951-2017 |7 jn19990209882 |4 prf | |
| 700 | 1 | |a Bittová, Iva, |d 1958- |7 jn19981000272 |4 prf | |
| 710 | 2 | |a Kale (hudební skupina) |7 ko2003164619 | |
| 910 | |a BOA001 |b CD-0007.247 | ||
| 964 | |a Písně lidové |x CD | ||
| 964 | |a Písně romské |x CD | ||
| 990 | |a AV | ||
| 996 | 6 | |b 261H007747 |c CD-0007.247 |l MZK |r Sklad / do 24 hodin |n 0 |p p.v. |w 000266821 |u 000010 |a 1 |e BOA001 |j MZK50 |s P | |
English
Čeština 